Los discípulos de Hipócrates una historia de la medicina (Registro nro. 30103)

Detalles MARC
000 -ENCABEZADO
Número de control [NR] 00605nam a2200181Ia 4500
008 - DE LONGITUD FIJA DE DATOS DE ELEMENTOS - INFORMACIÓN GENERAL
Elementos de longitud fija [NR] 130821s1970 ck gr spa
040 ## - FUENTE DE CATALOGACION [NR]
Agencia de catalogación original [NR] Co-BoUCM
Idioma de catalogación [NR] spa
041 00 - CODIGO DE IDIOMA [R]
Código de idioma para texto/pista de sonido o título separado [R] Español
100 ## - ASIENTO PRINCIPAL--NOMBRE PERSONAL [NR]
Nombre personal [NR] Pollak, Kurt
ID Autoridad 157952
245 04 - MENCION DE TITULO [NR]
Título [NR] Los discípulos de Hipócrates una historia de la medicina
Mención de responsabilidad, etc. [NR] Kurt Pollak
260 ## - PUBLICACION, DISTRIBUCION, ETC. (PIE DE IMPRENTA) [R]
Lugar de publicación, distribución, etc. [R] Bogotá (Colombia)
Nombre del editor, distribuidor, etc. [R] Plaza Janes
Fecha de publicación, distribución, etc. [R] 1970
300 ## - DESCRIPCION FISICA [R]
Extensión [R] 400 páginas
490 ## - MENCION DE SERIE [R]
Mención de serie [R] Enciclopedia general de la cultura
600 ## - ASIENTO SECUNDARIO DE MATERIA - NOMBRE PERSONAL [R]
Nombre personal [NR] Hipócrates
Fechas asociadas con el nombre [NR] 460-377? a. de J.C.
9 (RLIN) 1916
650 04 - ASIENTO SECUNDARIO DE MATERIA - TERMINO TEMATICO [R]
Término temático o nombre geográfico como elemento de entrada [NR] Medicina
Subdivisión general [R] Historia
9 (RLIN) 225
942 ## - ELEMENTOS DE ENTRADA AGREGADOS (KOHA)
Tipo de ítem principal el descrito en 300a Libro
Tema principal Ciencias aplicadas
Edición 1
Parte restante de la signatura top. P65
Sistema de clasificación DEWEY
Clasificación 610
Existencias
Fecha de último préstamo Total préstamos Total Renewals Signatura topográfica Código de barras Última vez visto Ejemplar Price effective from Tipo de ítem Perdido Sistema de clasificación Dañado No prestable Tipo de ítem específico Suprimido Ubicación habitual Ubicación actual Localización Fecha de creación Forma de adquisición Costo
25/07/2019 6 4 610 P65 100002426 16/01/2025 Ej.1 03/02/2013 Libro   DEWEY     Libro   Procesos Técnicos Procesos Técnicos (no para préstamo) 2do piso 28/02/2003 Donación 1000.00